Gone Girl (David Fincher, 2014) : Médias, mensonges et manipulation (notice n° 1650602)
[ vue normale ]
| 000 -LEADER | |
|---|---|
| fixed length control field | 01293cam a2200205 4500500 |
| 005 - DATE AND TIME OF LATEST TRANSACTION | |
| control field | 20260208005114.0 |
| 041 ## - LANGUAGE CODE | |
| Language code of text/sound track or separate title | fre |
| 042 ## - AUTHENTICATION CODE | |
| Authentication code | dc |
| 100 10 - MAIN ENTRY--PERSONAL NAME | |
| Personal name | Gelly, Christophe |
| Relator term | author |
| 245 00 - TITLE STATEMENT | |
| Title | Gone Girl (David Fincher, 2014) : Médias, mensonges et manipulation |
| 260 ## - PUBLICATION, DISTRIBUTION, ETC. | |
| Date of publication, distribution, etc. | 2017.<br/> |
| 500 ## - GENERAL NOTE | |
| General note | 83 |
| 520 ## - SUMMARY, ETC. | |
| Summary, etc. | Fincher’s film appears as a violent attack on a media system which raises accusations against a man whose wife tries to get him indicted for her murder, but the more general tenor of the film lies in an examination of our relation to images and the unstable meanings they are attributed in a hyper-media society. Through his staging of the illegibility of images, Fincher calls upon his spectators to take critical distance with representations. To that effect, he draws on a set of references which include both the filmic tradition and the status of images as “proofs” in the media and audiovisual discourses. |
| 690 ## - LOCAL SUBJECT ADDED ENTRY--TOPICAL TERM (OCLC, RLIN) | |
| Topical term or geographic name as entry element | études filmiques |
| 690 ## - LOCAL SUBJECT ADDED ENTRY--TOPICAL TERM (OCLC, RLIN) | |
| Topical term or geographic name as entry element | manipulation |
| 690 ## - LOCAL SUBJECT ADDED ENTRY--TOPICAL TERM (OCLC, RLIN) | |
| Topical term or geographic name as entry element | médias |
| 690 ## - LOCAL SUBJECT ADDED ENTRY--TOPICAL TERM (OCLC, RLIN) | |
| Topical term or geographic name as entry element | renversement de l’intrigue |
| 786 0# - DATA SOURCE ENTRY | |
| Note | Revue française d’études américaines | 150 | 1 | 2017-07-01 | p. 73-85 | 0397-7870 |
| 856 41 - ELECTRONIC LOCATION AND ACCESS | |
| Uniform Resource Identifier | <a href="https://shs.cairn.info/revue-francaise-d-etudes-americaines-2017-1-page-73?lang=fr&redirect-ssocas=7080">https://shs.cairn.info/revue-francaise-d-etudes-americaines-2017-1-page-73?lang=fr&redirect-ssocas=7080</a> |
Pas d'exemplaire disponible.




Réseaux sociaux